DIATHERMIA AKO POMÔCKA PRI LIEČBE KAPAVKY

Bibliographic Details
Main Author: Tréger, Ján, 1894-1957 (Author)
Format: Article
Language:Slovak

MARC

LEADER 00000nab a2200000ua 4500
001 vtls010770619
003 SK-MaSNL
005 20260303123351.0
008 230214s xo |||||||||||||||||slo|
035 |a (urnnbn)urn:nbn:sk:snk:ar-a037xv 
035 |a (uuid)8356232e-72fe-4560-ba16-5a1fec47ac2d 
035 |a urn:nbn:sk:snk-ab54j9 
040 |a SNKBUCL  |b slo  |c SNKBUCL  |e AACR2 
041 0 |a slo 
044 |a xo  |c SK 
100 1 |a Tréger, Ján,  |d 1894-1957  |4 aut  |9 120201 
245 1 0 |a DIATHERMIA AKO POMÔCKA PRI LIEČBE KAPAVKY  |c Ján Tréger 
773 0 |t Bratislavské lekárske listy  |g Roč. 5, č. 8 (1925-1926), s. 582-587 
954 |a odborná, vedecká literatúra pôvodná (slovenská)  |2 lita 
958 |a OND 
958 |a EUIPO 
958 |a article3 
999 |c 1925473  |d 1927403